[Event "Tournoi Skype 027B"]
[Site "Skype"]
[Date "????.??.??"]
[Round "5.8"]
[White "Duthoit, Bernard"]
[Black "Pasasin, Alejandro"]
[Result "0-1"]
[WhiteElo "1334"]
[BlackElo "1251"]
[PlyCount "43"]

1. e4 c5 2. Nf3 d6 3. d4 cxd4 4. Nxd4 Nf6 5. Nc3 a6 6. g3 e6 7. Bg2 Nbd7 8. O-O
Be7 9. Nb3 O-O 10. Be3 Nb6 11. Qd4 Nbd7 12. Qd2 Rb8 13. a4 Ng4 14. Rfe1 Nge5
15. Qd4 Bf6 16. Qa7 Nc6 17. Bb6 Qxb6 18. Qxb6 Nxb6 19. Rad1 Nc4 20. e5 Bxe5 21.
Bxc6 bxc6 22. Na5 0-1

[Event "Tournoi Skype 027B"]
[Site "Skype"]
[Date "????.??.??"]
[Round "5.9"]
[White "Gokcek, Cagri"]
[Black "De Nobrega, George"]
[Result "1-0"]
[WhiteElo "1202"]
[BlackElo "1311"]
[PlyCount "65"]

1. e4 e5 2. Nf3 d6 3. Bc4 h6 4. h3 Nf6 5. d3 Nc6 6. c3 Be7 7. O-O O-O 8. Re1 b6
9. Nbd2 Na5 10. Bb3 Nxb3 11. axb3 Nh7 12. Nf1 Ng5 13. Nxg5 Bxg5 14. Ng3 Bxc1
15. Rxc1 Qg5 16. d4 exd4 17. cxd4 Re8 18. Qf3 Be6 19. d5 Bd7 20. Rxc7 Re7 21.
Rec1 a5 22. Qc3 h5 23. e5 Qxe5 24. Qxe5 Rxe5 25. Rxd7 Rxd5 26. Ne4 Rb5 27. Nxd6
Rxb3 28. Rcc7 Rf8 29. Nxf7 Rxb2 30. Ng5 Kh8 31. Rxg7 Rbxf2 32. Rh7+ Kg8 33.
Rcg7# 1-0

[Event "Tournoi Skype 027B"]
[Site "Skype"]
[Date "????.??.??"]
[Round "5.10"]
[White "Meza, Rafael"]
[Black "Felippe E Silva, Glenda"]
[Result "1-0"]
[WhiteElo "1000"]
[BlackElo "1309"]
[PlyCount "61"]

1. c4 Nf6 2. Nf3 c6 3. Nc3 d5 4. e3 Bf5 5. d4 h6 6. Be2 e6 7. a3 Nbd7 8. O-O
Be7 9. h3 O-O 10. Re1 a6 11. Bf1 Rc8 12. Ne5 Nxe5 13. dxe5 Nd7 14. e4 Bh7 15.
exd5 cxd5 16. cxd5 exd5 17. Nxd5 Bc5 18. b4 Ba7 19. Nf4 Re8 20. Bb2 Qc7 21. Rc1
Qb8 22. Qxd7 Rcd8 23. Qg4 Bd4 24. Nh5 Bg6 25. Bxd4 Bxh5 26. Qxh5 Rxd4 27. Bc4
Re7 28. e6 f6 29. Red1 Qf4 30. Bb3 Rxe6 31. Bxe6+ 1-0

[Event "Tournoi Skype 027B"]
[Site "Skype"]
[Date "????.??.??"]
[Round "5.11"]
[White "Battaglia, Gabriele"]
[Black "Codina, Teresa"]
[Result "1-0"]
[WhiteElo "1308"]
[BlackElo "1189"]
[PlyCount "47"]

1. Nf3 d5 2. g3 e6 3. Bg2 Nf6 4. O-O c6 5. d3 Be7 6. Nbd2 O-O 7. c4 b6 8. cxd5
cxd5 9. Qc2 Bd7 10. Ne5 a5 11. Ndc4 Ra7 12. Nxd7 Nbxd7 13. Nd2 Rc7 14. Qb3 Bc5
15. e4 d4 16. Nc4 Qb8 17. Bf4 a4 18. Qb5 e5 19. Nxe5 Bd6 20. Nxd7 Rxd7 21. e5
Bxe5 22. Bxe5 Qa7 23. Rac1 Rd5 24. Bxd5 1-0

[Event "Tournoi Skype 027B"]
[Site "Skype"]
[Date "????.??.??"]
[Round "5.12"]
[White "Franca, Diego"]
[Black "Zequeda, Javier"]
[Result "0-1"]
[WhiteElo "1307"]
[BlackElo "1000"]
[PlyCount "48"]

1. d4 d5 2. Nf3 e6 3. c4 Nf6 4. Bg5 Be7 5. Bxf6 Bxf6 6. cxd5 exd5 7. e3 O-O 8.
Be2 c5 9. O-O cxd4 10. exd4 Nc6 11. Nc3 Bg4 12. h3 Bh5 13. g4 Bg6 14. Re1 Nb4
15. Rc1 Rc8 16. a3 Nc6 17. Bb5 h5 18. g5 Bxg5 19. Nxg5 Qxg5+ 20. Kh2 Qf4+ 21.
Kg2 Nxd4 22. Nxd5 Be4+ 23. f3 Bxf3+ 24. Qxf3 Qxf3+ 0-1

[Event "Tournoi Skype 027B"]
[Site "Skype"]
[Date "????.??.??"]
[Round "5.13"]
[White "Sharma, Akash"]
[Black "Pourtahmasbi, Ednun"]
[Result "1-0"]
[WhiteElo "1000"]
[BlackElo "1305"]
[PlyCount "53"]

1. d4 d5 2. c4 dxc4 3. e4 Nf6 4. Nc3 Nc6 5. Nf3 Bg4 6. Be3 e6 7. Bxc4 Bb4 8.
O-O Qd6 9. e5 Qe7 10. exf6 Qxf6 11. Ne4 Qg6 12. Bd3 f5 13. Nc3 O-O-O 14. a3
Bxc3 15. bxc3 Bxf3 16. Qxf3 Ne7 17. Rab1 c6 18. Rxb7 Kxb7 19. Rb1+ Kc8 20. Qf4
c5 21. Qb8+ Kd7 22. Bb5+ Nc6 23. Qb7+ Kd6 24. Qxc6+ Ke7 25. Qc7+ Kf8 26. Qxd8+
Qe8 27. Qxe8# 1-0

[Event "Tournoi Skype 027B"]
[Site "Skype"]
[Date "????.??.??"]
[Round "5.14"]
[White "Torres, Vicky"]
[Black "Gerbaux, Regis"]
[Result "0-1"]
[WhiteElo "1256"]
[BlackElo "1334"]
[PlyCount "48"]

1. c4 c5 2. Nc3 e6 3. e4 Nc6 4. Nce2 e5 5. Nf3 d6 6. Ng3 Nf6 7. d3 g6 8. Be2
Bg7 9. O-O O-O 10. Be3 a6 11. a3 b5 12. b4 cxb4 13. axb4 Nxb4 14. d4 exd4 15.
Nxd4 Bb7 16. cxb5 axb5 17. Bf3 d5 18. e5 Ne4 19. Bf4 Qe7 20. Nxb5 Bxe5 21. Rxa8
Rxa8 22. Bh6 Qh4 23. Be3 Rf8 24. Ne2 Qxh2# 0-1

[Event "Tournoi Skype 027B"]
[Site "Skype"]
[Date "????.??.??"]
[Round "5.15"]
[White "Malbec, Robert"]
[Black "Montilla Bejarano, Carmen"]
[Result "0-1"]
[WhiteElo "1233"]
[BlackElo "1077"]
[PlyCount "20"]

1. e4 e6 2. Nf3 Nc6 3. Bc4 Nf6 4. Ng5 d5 5. exd5 Nd4 6. d6 Qxd6 7. Nxf7 Qc6 8.
Ne5 Qxg2 9. Rf1 Qe4+ 10. Be2 Nxc2+ 0-1

[Event "Tournoi Skype 027B"]
[Site "Skype"]
[Date "????.??.??"]
[Round "5.16"]
[White "Erten, Ozlem"]
[Black "Sanchez Padilla, Armando Edilber"]
[Result "0-1"]
[WhiteElo "1288"]
[BlackElo "1321"]
[PlyCount "70"]

1. d4 Nf6 2. Nf3 Nc6 3. c4 d5 4. e3 Bf5 5. Nc3 e6 6. Bd3 Ne4 7. O-O Nb4 8. cxd5
Nxd5 9. Nxe4 Be7 10. Ng3 Bg6 11. Ne5 Qd6 12. Bxg6 hxg6 13. Qf3 Bf6 14. Ne4 Bxe5
15. Nxd6+ Bxd6 16. e4 Bxh2+ 17. Kh1 Bd6+ 18. Kg1 Bh2+ 19. Kh1 Bd6+ 20. Qh3
Rxh3+ 21. gxh3 Ne7 22. Be3 O-O-O 23. e5 Bb4 24. a3 Ba5 25. b4 Bb6 26. a4 a5 27.
bxa5 Bxa5 28. Rab1 Nc6 29. Rfd1 f6 30. f4 f5 31. Rb3 Rh8 32. Kh2 Nd8 33. Bd2
Bb6 34. Ra1 Bxd4 35. a5 Bxa1 0-1

[Event "Tournoi Skype 027B"]
[Site "Skype"]
[Date "????.??.??"]
[Round "5.17"]
[White "Ryan, Lea"]
[Black "Hargez, Dany"]
[Result "0-1"]
[WhiteElo "1371"]
[BlackElo "1177"]
[PlyCount "72"]

1. d4 d5 2. Bf4 Nf6 3. e3 e6 4. Nf3 Bd6 5. Nbd2 O-O 6. Bg3 Nbd7 7. Bd3 e5 8.
dxe5 Bxe5 9. Nxe5 Qe8 10. Bb5 c6 11. Nxd7 Qxd7 12. Bd3 d4 13. O-O Ng4 14. Ne4
dxe3 15. Nc5 Qd5 16. Be4 Qxc5 17. Qd3 Nf6 18. Bd6 Re8 19. Bxc5 Nxe4 20. fxe3
Nxc5 21. Qd6 Ne4 22. Qd4 Bg4 23. Qc4 Bh5 24. Rf5 Bg6 25. Rf4 Nd2 26. Qc3 Rad8
27. Rd1 Nf3+ 28. gxf3 Rxd1+ 29. Kf2 Red8 30. Qb3 R8d2+ 31. Kg3 h5 32. Qxb7 Rg1+
33. Kh3 Rgg2 34. Qc8+ Kh7 35. Qxc6 Rxh2+ 36. Kg3 Rdg2# 0-1

[Event "Tournoi Skype 027B"]
[Site "Skype"]
[Date "????.??.??"]
[Round "5.18"]
[White "Lopes, Marcia Maria"]
[Black "Abate, Luigi"]
[Result "1-0"]
[WhiteElo "1363"]
[BlackElo "1134"]
[PlyCount "109"]

1. d4 Nf6 2. Nf3 g6 3. Bf4 Bg7 4. e3 d5 5. c3 Ne4 6. Nbd2 O-O 7. Bd3 Bf5 8. O-O
Nc6 9. Qc2 e6 10. Nxe4 dxe4 11. Bxe4 Bxe4 12. Qxe4 Qd5 13. Qxd5 exd5 14. Bxc7
Rfe8 15. b4 Rac8 16. Bf4 Re4 17. a4 b6 18. b5 Na5 19. Nd2 Re6 20. Rfc1 h6 21.
h3 g5 22. Bh2 h5 23. Rc2 f5 24. Rac1 Nc4 25. Nxc4 dxc4 26. Rd1 Rd8 27. d5 Rf6
28. Be5 Rff8 29. Bxg7 Kxg7 30. Rcd2 Rfe8 31. Rd4 Rc8 32. d6 Red8 33. d7 Rc7 34.
f4 g4 35. hxg4 hxg4 36. g3 Kf7 37. e4 fxe4 38. Rxe4 Rdxd7 39. Rxd7+ Rxd7 40.
Rxc4 a5 41. bxa6 Ra7 42. f5 Kf6 43. Rxg4 Rxa6 44. Rf4 Ra5 45. g4 Rc5 46. c4 Ra5
47. Kf2 Rxa4 48. Ke3 Kg5 49. f6 b5 50. f7 Ra8 51. cxb5 Rf8 52. Ke4 Kg6 53. b6
Rxf7 54. Rxf7 Kxf7 55. b7 1-0

[Event "Tournoi Skype 027B"]
[Site "Skype"]
[Date "????.??.??"]
[Round "5.19"]
[White "Vincent, Andre"]
[Black "Abate, Leonardo"]
[Result "1/2-1/2"]
[WhiteElo "1328"]
[BlackElo "1000"]
[PlyCount "46"]

1. d4 d5 2. Bf4 Nf6 3. Nf3 Bf5 4. e3 c5 5. c3 Qb6 6. Qb3 e6 7. Bb5+ Nbd7 8. Ne5
h6 9. Nxd7 Nxd7 10. Bxd7+ Kxd7 11. Nd2 g5 12. Be5 Rg8 13. O-O Bd3 14. Rfe1 Ba6
15. a4 cxd4 16. Qxb6 axb6 17. exd4 Bd6 18. Bxd6 Kxd6 19. b4 b5 20. Nb3 bxa4 21.
Rxa4 b6 22. Rea1 Bb7 23. Ra7 Rxa7 1/2-1/2

[Event "Tournoi Skype 027B"]
[Site "Skype"]
[Date "????.??.??"]
[Round "5.20"]
[White "Le Bouill, Pierre"]
[Black "Rivalta, Paolo"]
[Result "1/2-1/2"]
[WhiteElo "1308"]
[BlackElo "1095"]
[PlyCount "113"]

1. Nf3 c5 2. c3 Nc6 3. d4 cxd4 4. Nxd4 e5 5. Nxc6 bxc6 6. e4 d5 7. Qf3 Nf6 8.
Nd2 Bc5 9. h3 O-O 10. b4 Bb6 11. Bb2 Bb7 12. Bd3 c5 13. c4 d4 14. Ba3 Qe7 15.
bxc5 Bxc5 16. Bxc5 Qxc5 17. O-O Rfe8 18. Nb3 Qb4 19. Rab1 Qa3 20. Qe2 Rad8 21.
Qd2 Nxe4 22. Bxe4 Bxe4 23. Rb2 Qe7 24. Re1 Bf5 25. f4 Qd6 26. fxe5 Rxe5 27.
Rxe5 Qxe5 28. Nxd4 h6 29. Rb5 Qe4 30. Rd5 Rxd5 31. cxd5 Qxd5 32. Qb2 Be4 33. g3
a5 34. Qf2 g6 35. a3 f5 36. Ne2 h5 37. Nf4 Qf7 38. g4 fxg4 39. Qe3 Bf5 40. hxg4
Bxg4 41. Kh2 g5 42. Ng2 Bf3 43. Qxg5+ Qg7 44. Qxg7+ Kxg7 45. Ne1 Kg6 46. Nxf3
Kf6 47. Kg3 Kf5 48. Kf2 Kf4 49. Kg2 h4 50. Nxh4 Ke4 51. Kf2 Kd3 52. Nf3 Kc3 53.
Ne1 Kb3 54. Ke2 Kxa3 55. Nc2+ Kb2 56. Kd2 a4 57. Kd3 1/2-1/2

[Event "Tournoi Skype 027B"]
[Site "Skype"]
[Date "????.??.??"]
[Round "5.21"]
[White "Chavez, Isidro"]
[Black "Moumtaz, Abderrahim"]
[Result "1-0"]
[WhiteElo "1192"]
[BlackElo "1292"]
[PlyCount "73"]

1. d4 Nf6 2. c4 e6 3. Nc3 d5 4. e3 Bb4 5. a3 Bd6 6. Nf3 O-O 7. Bd3 dxc4 8. Bxc4
c6 9. O-O Re8 10. Bd3 Nbd7 11. Ng5 h6 12. Nf3 e5 13. Ne4 Nxe4 14. Bxe4 Nf6 15.
Bc2 Bg4 16. h3 Bxf3 17. Qxf3 e4 18. Qe2 Qc7 19. b4 b5 20. Bb3 a6 21. Bb2 Nd5
22. Rac1 Qd7 23. Qh5 Bc7 24. Rc2 Qd6 25. g3 Nf6 26. Bxf7+ Kh8 27. Qg6 Rf8 28.
Bb3 Rac8 29. Rc5 Bb6 30. Rf5 Bc7 31. Rc1 Bb6 32. Re5 Qd7 33. Be6 Qc7 34. Bxc8
Qxc8 35. d5 Qxh3 36. Rf5 Nd7 37. Qxg7# 1-0

[Event "Tournoi Skype 027B"]
[Site "Skype"]
[Date "????.??.??"]
[Round "5.22"]
[White "Baker, Abi"]
[Black "Khatanhar, Mohit"]
[Result "0-1"]
[WhiteElo "1181"]
[BlackElo "1287"]
[PlyCount "68"]

1. c4 c5 2. Nc3 d6 3. e4 e5 4. d3 Nf6 5. Nd5 h6 6. Be3 Be7 7. Ne2 Ng4 8. Qa4+
Nc6 9. O-O-O Nxe3 10. fxe3 Bd7 11. Nec3 O-O 12. Be2 Nd4 13. Nxe7+ Qxe7 14. Nd5
Nxe2+ 15. Kd2 Qd8 16. Qc2 Qa5+ 17. Kxe2 Bg4+ 18. Kf2 Bxd1 19. Qxd1 Qxa2 20. Qg4
Qxb2+ 21. Kf3 Kh8 22. Qd7 Rad8 23. Qb5 Qc2 24. g4 Qxd3 25. h4 f6 26. Qxb7 Qxc4
27. Qxa7 Qd3 28. h5 f5 29. exf5 Qxd5+ 30. e4 Qd3+ 31. Kg2 Qxe4+ 32. Kh2 Qxg4
33. Ra1 Rxf5 34. Qb7 Rxh5# 0-1

[Event "Tournoi Skype 027B"]
[Site "Skype"]
[Date "????.??.??"]
[Round "5.23"]
[White "Maccaferri, Massimo"]
[Black "Luunge, Abdi"]
[Result "0-1"]
[WhiteElo "1152"]
[BlackElo "1285"]
[PlyCount "60"]

1. b3 d5 2. Ba3 Nd7 3. e3 a6 4. d4 Ngf6 5. c4 e6 6. Bxf8 Nxf8 7. g4 Ne4 8. Bd3
Qg5 9. Qc2 Qd8 10. f3 Qh4+ 11. Kf1 Ng3+ 12. Kg2 Nxh1 13. Kxh1 Qd8 14. Nc3 c6
15. Nh3 Nd7 16. Nf4 Nf6 17. g5 Ng8 18. Bxh7 Qxg5 19. Bxg8 Rxg8 20. Qh7 Rf8 21.
Rg1 Qf5 22. Qxg7 Bd7 23. Qh6 Qc2 24. Nce2 O-O-O 25. h4 Qd2 26. e4 dxe4 27. fxe4
Qe3 28. Ng3 Qxd4 29. Nfh5 Rh8 30. Qg6 fxg6 0-1

[Event "Tournoi Skype 027B"]
[Site "Skype"]
[Date "????.??.??"]
[Round "5.24"]
[White "Douichi, Mohammed"]
[Black "Florez Beltran, Leidy Lucila"]
[Result "0-1"]
[WhiteElo "1277"]
[BlackElo "1000"]
[PlyCount "66"]

1. e4 e5 2. Nf3 Nc6 3. Bb5 a6 4. Ba4 Nf6 5. d3 h6 6. Bd2 d5 7. exd5 Nxd5 8. O-O
Bc5 9. c3 Bf5 10. Nxe5 Nde7 11. Qf3 O-O 12. d4 Bd6 13. Nxc6 bxc6 14. Be3 Qc8
15. Qe2 Ng6 16. Bxc6 Rb8 17. b3 Bh3 18. Bf3 Nh4 19. Be4 Qe6 20. Qd3 Qg4 21.
Bh7+ Kh8 22. Qe4 Qxg2+ 23. Qxg2 Bxg2 24. Rc1 Kxh7 25. Nd2 c6 26. f4 f5 27. Kf2
Ba3 28. Rc2 Rf6 29. b4 a5 30. bxa5 Rb5 31. Kg3 Rg6+ 32. Kxh4 Rg4+ 33. Kh5 g6#
0-1

[Event "Tournoi Skype 027B"]
[Site "Skype"]
[Date "????.??.??"]
[Round "5.25"]
[White "De Fazio, Monica"]
[Black "Milanese, Serge"]
[Result "1/2-1/2"]
[WhiteElo "1125"]
[BlackElo "1277"]
[PlyCount "66"]

1. e4 e5 2. Nf3 Nc6 3. Bc4 Bc5 4. O-O Nf6 5. d3 O-O 6. Bg5 d6 7. Nc3 a6 8. a4
Be6 9. Bxe6 fxe6 10. Re1 Qd7 11. Qd2 Ng4 12. Bh4 Nd4 13. Ng5 h6 14. Nh3 Rf7 15.
Qd1 Raf8 16. Qxg4 Nxc2 17. Kh1 Nxa1 18. Rxa1 c6 19. Rf1 Be3 20. Nd1 Bd2 21. Qe2
Bg5 22. Nxg5 hxg5 23. Bxg5 g6 24. Ne3 Rh7 25. Ng4 Kf7 26. Qf3+ Ke8 27. Nf6+
Rxf6 28. Bxf6 Qf7 29. g4 g5 30. Rd1 Rh6 31. Qe3 Rxf6 32. Qxg5 Rxf2 33. Kg1 Rxb2
1/2-1/2

[Event "Tournoi Skype 027B"]
[Site "Skype"]
[Date "????.??.??"]
[Round "5.27"]
[White "Yanez, Leticia Jorgelina"]
[Black "Reese, Evan"]
[Result "1/2-1/2"]
[WhiteElo "1073"]
[BlackElo "1235"]
[PlyCount "41"]

1. e4 e5 2. Nf3 d6 3. Bc4 g6 4. Nc3 Bg7 5. d4 h6 6. dxe5 dxe5 7. Bxf7+ Ke7 8.
Qxd8+ Kxd8 9. Be3 Ne7 10. O-O-O+ Bd7 11. Rd3 c6 12. Rhd1 Kc7 13. Bc5 Rf8 14.
Bxe7 Rxf7 15. Bd6+ Kd8 16. Bxb8 Rxb8 17. Kb1 b5 18. Rd6 b4 19. Rxc6 bxc3 20.
Rxc3 Ke8 21. b3 1/2-1/2

[Event "Tournoi Skype 027B"]
[Site "Skype"]
[Date "????.??.??"]
[Round "5.28"]
[White "Jimenez Cabrera, Rodolfo"]
[Black "Martinez, Danny"]
[Result "0-1"]
[WhiteElo "1225"]
[BlackElo "1000"]
[PlyCount "66"]

1. e4 e5 2. Nf3 Nc6 3. c4 Be7 4. d3 Nf6 5. Bg5 O-O 6. Nbd2 d6 7. h3 Be6 8. Be2
Qd7 9. Qc2 h6 10. Bh4 Rfe8 11. O-O-O Nb4 12. Qb3 a5 13. a4 Na6 14. Qc3 Qxa4 15.
Nb3 Nb4 16. Kd2 c5 17. Ra1 Qd7 18. Bxf6 Bxf6 19. Rhe1 b5 20. Kc1 a4 21. Nbd2
Reb8 22. cxb5 Na2+ 23. Rxa2 Bxa2 24. Nc4 Rxb5 25. Kd2 d5 26. exd5 e4 27. Qa3
Bxc4 28. dxc4 Bxb2 29. Qe3 Rb3 30. Qxe4 Bc3+ 31. Kc2 Bxe1 32. Nxe1 Re8 33. Nd3
Rxe4 0-1

[Event "Tournoi Skype 027B"]
[Site "Skype"]
[Date "????.??.??"]
[Round "5.29"]
[White "Bustos, Ricardo"]
[Black "Tolaro, Filippa"]
[Result "1-0"]
[WhiteElo "1216"]
[BlackElo "1000"]
[PlyCount "75"]

1. d4 d5 2. c4 c6 3. Nf3 Bf5 4. Nc3 e6 5. e3 Nf6 6. cxd5 cxd5 7. Nh4 Bg4 8. Be2
Bxe2 9. Qxe2 Bd6 10. Nf3 Nc6 11. a3 O-O 12. O-O Rc8 13. Nb5 Be7 14. Bd2 Ne4 15.
Bb4 Bxb4 16. axb4 Nxb4 17. Nxa7 Rc2 18. Qb5 Qe7 19. Rac1 Nd2 20. Nxd2 Rxd2 21.
Rc8 Rc2 22. Rxc2 Nxc2 23. Qd3 Na3 24. Qxa3 Qg5 25. Nb5 f5 26. Qd6 Rf6 27. Qb8+
Kf7 28. Qxb7+ Kg6 29. Nd6 Kh5 30. Ne8 Rg6 31. g3 Qg4 32. Qf7 Kh6 33. Nc7 Rg5
34. Qxe6+ g6 35. Qe5 Qh3 36. Qf4 Kh5 37. Ne6 Rg4 38. Ng7# 1-0

[Event "Tournoi Skype 027B"]
[Site "Skype"]
[Date "????.??.??"]
[Round "5.30"]
[White "Schuh, David"]
[Black "Conde, Carmen"]
[Result "0-1"]
[WhiteElo "1000"]
[BlackElo "1214"]
[PlyCount "92"]

1. e4 e5 2. Nf3 Nc6 3. Bb5 Bc5 4. d3 Nf6 5. O-O O-O 6. Bg5 Qe8 7. Qd2 Qe6 8. h3
Nh5 9. Bxc6 dxc6 10. Nc3 h6 11. Be3 Bd6 12. Rfe1 f5 13. a3 f4 14. d4 fxe3 15.
Qxe3 exd4 16. Nxd4 Qg6 17. g4 Bd7 18. e5 Rae8 19. f4 Nxf4 20. Ne4 Rxe5 21. Qf3
Rh5 22. Kf2 Nxh3+ 23. Ke3 Rxf3+ 24. Kxf3 Qxg4+ 25. Ke3 Qf5 26. Nxf5 Bxf5 27.
Nxd6 cxd6 28. Rad1 d5 29. Kf3 Bxc2 30. Rd2 Bf5 31. Re7 Ng1+ 32. Kf4 b5 33. Rg2
Nh3+ 34. Kg3 Ng5 35. Kf4 Ne6+ 36. Kf3 Be4+ 37. Kf2 Rf5+ 38. Ke3 Bxg2 39. Rxe6
g5 40. Rxh6 c5 41. Rh2 d4+ 42. Kd3 Rf3+ 43. Ke4 Re3+ 44. Kf5 Be4+ 45. Kxg5 Kf7
46. Rh7+ Bxh7 0-1

[Event "Tournoi Skype 027B"]
[Site "Skype"]
[Date "????.??.??"]
[Round "5.31"]
[White "Aroucha, Abraao"]
[Black "Abdulrazzaq, Mohsen"]
[Result "1-0"]
[WhiteElo "1376"]
[BlackElo "1000"]
[PlyCount "53"]

1. c4 Nf6 2. d4 g6 3. Nc3 Bg7 4. e4 d6 5. Be3 Nbd7 6. f3 O-O 7. Qd2 e6 8. Nge2
c5 9. g4 cxd4 10. Nxd4 Ne8 11. h4 d5 12. h5 dxe4 13. Nxe4 Nef6 14. hxg6 Nxe4
15. gxh7+ Kh8 16. fxe4 Nc5 17. Bg2 b6 18. O-O-O Bb7 19. e5 Bxg2 20. Qxg2 Bxe5
21. Nc6 Qd6 22. Nxe5 Qxe5 23. Bd4 Qxd4 24. Rxd4 Rad8 25. Qf2 Nd3+ 26. Rxd3 Rxd3
27. Qf6# 1-0

[Event "Tournoi Skype 027B"]
[Site "Skype"]
[Date "????.??.??"]
[Round "5.32"]
[White "Barba Cepeda, Julio Cesar"]
[Black "Rosenkoetter, David"]
[Result "1-0"]
[WhiteElo "1000"]
[BlackElo "1286"]
[PlyCount "51"]

1. e4 c5 2. Nf3 d6 3. c3 g6 4. Bc4 e6 5. d4 cxd4 6. cxd4 Bg7 7. O-O Ne7 8. Nc3
O-O 9. Bg5 h6 10. Be3 Nbc6 11. d5 exd5 12. exd5 Nb4 13. Bd4 Bxd4 14. Qxd4 Nf5
15. Qd2 Qc7 16. a3 Qxc4 17. axb4 Qxb4 18. Ra4 Qb6 19. Re4 Bd7 20. g4 Ng7 21. h3
h5 22. Qh6 Qxb2 23. Re3 hxg4 24. hxg4 Qb4 25. Ne4 Ne8 26. Nfg5 1-0

[Event "Tournoi Skype 027B"]
[Site "Skype"]
[Date "????.??.??"]
[Round "5.33"]
[White "Scata, Laura"]
[Black "Ruiz Aguilera, Juan Jesus"]
[Result "0-1"]
[WhiteElo "1273"]
[BlackElo "1083"]
[PlyCount "58"]

1. d4 d5 2. Nf3 e6 3. Bf4 Bd6 4. Bg3 Bxg3 5. hxg3 Nf6 6. Nbd2 O-O 7. e3 h6 8.
Bd3 a6 9. c3 Bd7 10. Qb3 Bc6 11. Ne5 Nbd7 12. Ndf3 Nxe5 13. Nxe5 Nd7 14. f3
Nxe5 15. dxe5 Qg5 16. Kf2 Qxe5 17. Rh4 Qd6 18. Rah1 f5 19. Rf4 Rf6 20. Qc2 Bb5
21. g4 Bxd3 22. Qxd3 Raf8 23. gxf5 Rxf5 24. Rxf5 Rxf5 25. e4 dxe4 26. Qxe4 Kf7
27. Qxb7 Rb5 28. Qe4 Rxb2+ 29. Kg1 Qd1+ 0-1

[Event "Tournoi Skype 027B"]
[Site "Skype"]
[Date "????.??.??"]
[Round "5.34"]
[White "Maalik, Aakash"]
[Black "Cengiz, Ali Ekber"]
[Result "1-0"]
[WhiteElo "1000"]
[BlackElo "1129"]
[PlyCount "99"]

1. d4 d5 2. Bf4 Nf6 3. e3 Bf5 4. Nd2 Nbd7 5. Be2 h6 6. c3 e6 7. Ngf3 Be7 8. Ne5
Nxe5 9. dxe5 Nh7 10. Qb3 Rb8 11. Qa4+ c6 12. Qxa7 O-O 13. Qa4 b5 14. Qd1 Ra8
15. Bf3 b4 16. cxb4 Bxb4 17. O-O Qa5 18. Nb3 Qb6 19. a3 Ba5 20. Nd4 Bg6 21. b4
Bxb4 22. axb4 Qxb4 23. Rxa8 Rxa8 24. Nxc6 Qb7 25. Nd4 Ra2 26. Qc1 Rb2 27. Qc6
Qb8 28. h3 Bd3 29. Rd1 Rb1 30. Rxb1 Bxb1 31. Be2 g5 32. Bg3 h5 33. Bxh5 Kg7 34.
Qd7 Bg6 35. Nxe6+ Kh6 36. Bxg6 Kxg6 37. Nd8 Qb1+ 38. Kh2 Qf5 39. Qxf5+ Kxf5 40.
Nxf7 Ke6 41. Nd8+ Ke7 42. Nb7 Ke6 43. f4 gxf4 44. exf4 d4 45. Bf2 d3 46. Nc5+
Kf5 47. Nxd3 Nf8 48. g4+ Ke4 49. f5 Kxd3 50. e6 1-0

[Event "Tournoi Skype 027B"]
[Site "Skype"]
[Date "????.??.??"]
[Round "5.35"]
[White "Clemente Alcahua, Kaparso"]
[Black "Gomez Zuluaga, Jorge Adiel"]
[Result "1-0"]
[WhiteElo "1308"]
[BlackElo "1000"]
[PlyCount "121"]

1. e4 d5 2. d3 dxe4 3. dxe4 Qxd1+ 4. Kxd1 e5 5. Nf3 f6 6. Bd3 Bg4 7. Ke2 Bc5 8.
Re1 Nc6 9. c3 O-O-O 10. Rd1 Nge7 11. Kf1 f5 12. Rd2 Rhf8 13. b4 Bb6 14. Re2
Rxd3 15. Rd2 fxe4 16. Rxd3 exd3 17. Nbd2 Bxf2 18. Kxf2 Nd5 19. Bb2 Bxf3 20.
gxf3 Nf4 21. b5 Ne7 22. Re1 Rf5 23. c4 Nh3+ 24. Kg2 Ng5 25. Rxe5 Rxe5 26. Bxe5
Ne6 27. Kf2 h5 28. Ke3 g5 29. Kxd3 g4 30. fxg4 hxg4 31. Ne4 Kd7 32. Nf2 Ng6 33.
Nxg4 Nxe5+ 34. Nxe5+ Kd6 35. Ke4 Ng5+ 36. Kf5 a6 37. Kxg5 Kxe5 38. h4 axb5 39.
cxb5 Ke6 40. Kg6 Kd5 41. h5 Kc5 42. h6 Kxb5 43. h7 c5 44. h8=Q c4 45. Qb2+ Ka4
46. Kf5 b5 47. Ke4 b4 48. Kd4 c3 49. Qb3+ Kb5 50. Kd5 Ka5 51. Kc4 Kb6 52. Qxb4+
Kc6 53. Qxc3 Kb6 54. a4 Ka6 55. Kc5 Kb7 56. Qb4+ Ka7 57. Qc4 Kb7 58. a5 Kb8 59.
a6 Ka7 60. Qb5 Ka8 61. Qb7# 1-0

[Event "Tournoi Skype 027B"]
[Site "Skype"]
[Date "????.??.??"]
[Round "5.36"]
[White "Lopez, Marco"]
[Black "Alverson, Ginny"]
[Result "1-0"]
[WhiteElo "1405"]
[BlackElo "1016"]
[PlyCount "59"]

1. d4 Nf6 2. c4 d5 3. cxd5 Nxd5 4. e4 Nf6 5. e5 Ng4 6. h3 Nh6 7. Bd3 Bf5 8.
Bxh6 Bxd3 9. Bxg7 Bxg7 10. Qxd3 O-O 11. Nf3 Nd7 12. Ng5 f5 13. Qc4+ e6 14.
Qxe6+ Kh8 15. Nf7+ Rxf7 16. Qxf7 c5 17. O-O cxd4 18. f4 Rc8 19. Na3 Qc7 20. e6
Nc5 21. Qxc7 Rxc7 22. Rac1 d3 23. Rfd1 Bd4+ 24. Kh2 Bxb2 25. Rxc5 Rxc5 26. Rxd3
Bxa3 27. Rxa3 a6 28. e7 Rc8 29. Rd3 Kg7 30. Rd8 1-0

[Event "Tournoi Skype 027B"]
[Site "Skype"]
[Date "????.??.??"]
[Round "5.37"]
[White "Trapletti, Cosetta"]
[Black "Dos Reis Cabrera, Jose Manuel"]
[Result "0-1"]
[WhiteElo "1050"]
[BlackElo "1222"]
[PlyCount "78"]

1. d4 d5 2. Nf3 e6 3. Bf4 Bd6 4. Nbd2 Bxf4 5. e3 Bd6 6. Bd3 Nf6 7. O-O O-O 8.
Re1 c5 9. c3 Nc6 10. e4 dxe4 11. Nxe4 Nxe4 12. Bxe4 cxd4 13. cxd4 Qf6 14. d5
exd5 15. Bxd5 Bg4 16. Re3 Ne5 17. h3 Nxf3+ 18. Bxf3 Bxf3 19. Rxf3 Qh6 20. Qc2
Rac8 21. Qd3 Rfd8 22. Qd5 Rc1+ 23. Qd1 Rxd1+ 24. Rxd1 Bh2+ 25. Kxh2 Rxd1 26. g3
Qc6 27. Kg2 Rg1+ 28. Kxg1 Qxf3 29. b4 b5 30. a3 Kf8 31. h4 Qxa3 32. Kg2 Qxb4
33. Kf3 Qc3+ 34. Ke4 b4 35. Kf5 b3 36. Kg4 b2 37. f3 b1=Q 38. Kg5 Qf6+ 39. Kg4
Qbf5# 0-1

[Event "Tournoi Skype 027B"]
[Site "Skype"]
[Date "????.??.??"]
[Round "5.38"]
[White "Porcabeuf, Jean-Marc"]
[Black "Fernandez, Raquel"]
[Result "1/2-1/2"]
[WhiteElo "1181"]
[BlackElo "1000"]
[PlyCount "73"]

1. d4 d5 2. c4 e6 3. Bf4 Bd6 4. Bg3 dxc4 5. e3 Nc6 6. Bxc4 Nf6 7. Nc3 a6 8. Bd3
O-O 9. a3 b5 10. Nf3 e5 11. dxe5 Nxe5 12. Bh4 g6 13. Ne4 Re8 14. Bxf6 Qd7 15.
Bh4 Nxd3+ 16. Qxd3 Be5 17. Nf6+ Bxf6 18. Qxd7 Bxd7 19. Bxf6 Bg4 20. O-O-O Re6
21. Ne5 Bxd1 22. Rxd1 Rxf6 23. Nd7 Rxf2 24. Kb1 Kg7 25. h4 Rxg2 26. Rf1 f5 27.
h5 Re8 28. Re1 gxh5 29. Nc5 a5 30. Nd3 Rg3 31. Nf4 Rgxe3 32. Rg1+ Kh6 33. Rg2
Re1+ 34. Ka2 R1e4 35. Nd5 Rc8 36. Nf6 b4 37. Nxe4 1/2-1/2

[Event "Tournoi Skype 027B"]
[Site "Skype"]
[Date "????.??.??"]
[Round "5.40"]
[White "Homme, Jim"]
[Black "Santamaria Garcia, Jesus"]
[Result "1-0"]
[WhiteElo "1130"]
[BlackElo "1000"]
[PlyCount "47"]

1. Nf3 Nc6 2. d4 d5 3. Bf4 e6 4. e3 h6 5. Bd3 Nf6 6. O-O Nh5 7. Be5 f6 8. Nh4
Ne7 9. Qxh5+ g6 10. Bxg6+ Nxg6 11. Qxg6+ Kd7 12. Bxf6 Be7 13. Bxh8 Qxh8 14. Nf3
Bd6 15. Qd3 a5 16. Nc3 c6 17. Na4 Kc7 18. Rad1 b6 19. Nc3 Ba6 20. Qd2 Bxf1 21.
Rxf1 Qg7 22. e4 Rg8 23. g3 Qg5 24. Nxg5 1-0

[Event "Tournoi Skype 027B"]
[Site "Skype"]
[Date "????.??.??"]
[Round "5.41"]
[White "Hernandez, Ivan"]
[Black "Schnell, Nicolas"]
[Result "1/2-1/2"]
[WhiteElo "1000"]
[BlackElo "1104"]
[PlyCount "78"]

1. e4 e6 2. d4 c6 3. Nf3 g6 4. Bc4 Bb4+ 5. Nc3 Nf6 6. Bd2 Ba5 7. h3 O-O 8. e5
Nd5 9. Qe2 Nb4 10. O-O Bb6 11. a3 Nxc2 12. Rac1 Nxd4 13. Qd3 Nf5 14. Ne4 d5 15.
Neg5 Ng3 16. Rfe1 Bxf2+ 17. Kxf2 Nh5 18. g4 Qb6+ 19. Kf1 Ng3+ 20. Kg2 dxc4 21.
Be3 cxd3 22. Bxb6 axb6 23. Re3 Rd8 24. b4 c5 25. bxc5 bxc5 26. Rxc5 Rxa3 27.
Ne4 Ra2+ 28. Kxg3 b6 29. Rc7 Ba6 30. h4 d2 31. Nfxd2 Ra1 32. h5 Rg1+ 33. Kf4
Nd7 34. hxg6 fxg6 35. Nf6+ Nxf6 36. exf6 e5+ 37. Kxe5 Re8+ 38. Re7 Rxe7+ 39.
fxe7 Kf7 1/2-1/2